[Event "Challenge"]
[Site "http://www.queenalice.com/game.php?id=1835966"]
[Date "2024.4.30"]
[Round "-"]
[White "MHRangel"]
[Black "jogo"]
[Result "1/2-1/2"]
[WhiteElo "1828"]
[BlackElo "1775"]

1. d4 Nf6 2. c4 g6 3. Nc3 d5 4. e3 Bg4 5. Be2 Bxe2 6. Ngxe2 Bg7 7. c5 c6 8. O-O
O-O 9. b4 Ne4 10. a4 Nxc3 11. Nxc3 Re8 12. Qf3 Nd7 13. b5 e5 14. Na2 e4 15. Qe2
Qa5 16. Qc2 cxb5 17. axb5 Qxb5 18. Nc3 Qc6 19. Qb3 Nf6 20. Nb5 a6 21. Nd6 Reb8
22. Bd2 b5 23. Ba5 Ne8 24. f3 Nxd6 25. cxd6 Qxd6 26. fxe4 f6 27. Qxd5+ Qxd5 28.
exd5 Bh6 29. e4 Kf7 30. e5 f5 31. e6+ Ke7 32. Bb4+ Kf6 33. Rfe1 Rd8 34. e7 Re8
35. d6 Ra7 36. Ba5 Rd7 37. Bc7 Kf7 38. Rxa6 Bg7 39. Rd1 Bf6 40. Rb6 Bxe7 41.
Rxb5 Bxd6 42. Bxd6 Rxd6 43. d5 Red8 44. Kf2 Kf6 45. Kf3 Ke5 46. Re1+ Kd4 47.
Rd1+ Kc4 48. Rb7 Kc5 49. Rxh7 Rxd5 50. Rc1+ Kb6 51. Rg7 Rd3+ 52. Kf4 R8d4+ 53.
Kg5 Rg4+ 54. Kf6 Rd6+ 55. Kf7 Rd7+ 56. Kf6 Rxg7 57. Kxg7 Rxg2 58. h4 Rg4 59. Rh1
f4 60. h5 gxh5+ 61. Kh6 f3 62. Kxh5 Rg8 63. Rf1 Rf8 64. Kg4 f2 65. Kg3 Kc5 66.
Rxf2 Rxf2 67. Kxf2 Kd4 68. Kf3 1/2-1/2

[Event "Challenge"]
[Site "http://www.queenalice.com/game.php?id=1836842"]
[Date "2024.5.15"]
[Round "-"]
[White "jogo"]
[Black "MHRangel"]
[Result "0-1"]
[WhiteElo "1713"]
[BlackElo "1801"]

1. e4 c5 2. Nf3 a6 3. c3 e6 4. d4 Nf6 5. e5 Nd5 6. c4 Ne7 7. Nc3 Nf5 8. g4 cxd4
9. Nxd4 Nxd4 10. Qxd4 Nc6 11. Qe4 Be7 12. a3 O-O 13. Bd3 f6 14. exf6 Bxf6 15.
Qxh7+ Kf7 16. Bg6+ Ke7 17. g5 Be5 18. f4 Rh8 19. fxe5 Rxh7 20. Bxh7 Qh8 21. Be4
g6 22. Bxg6 Qxe5+ 23. Kf2 Nd4 24. Re1 Qxh2+ 25. Kf1 Nf3 26. Re4 Nd2+ 27. Bxd2
Qxd2 28. Nd5+ Kd6 29. Nc3 Qxb2 30. Rd1+ Kc6 31. Re3 Qxa3 32. Rdd3 Qc1+ 33. Kf2
Qc2+ 34. Kf3 Qh2 35. Be4+ d5 36. cxd5+ exd5 37. Bxd5+ Kb6 38. Ne4 Qh3+ 39. Kf2
Qh4+ 40. Rg3 Bf5 41. Rb3+ Kc7 42. Rxb7+ Kd8 43. Kf3 Qh5+ 44. Kf2 Qh2+ 45. Kf3
Qh5+ 46. Kf2 a5 47. Rf7 Bxe4 48. Rf8+ Kc7 49. Bxa8 Qh2+ 50. Ke3 Qxg3+ 51. Kxe4
Qxg5 52. Rf7+ Kd6 53. Rf5 Qg2+ 54. Rf3 Qc2+ 55. Rd3+ Kc5 56. Ke3 Qc1+ 57. Ke2
Kc4 58. Bd5+ Kc5 59. Bb3 Kb4 60. Bd1 Kc4 61. Bb3+ Kb4 62. Bd1 Qb2+ 63. Rd2 Qe5+
64. Kd3 Qg3+ 65. Ke2 Qe5+ 66. Kd3 a4 67. Rc2 Qd5+ 68. Ke2 a3 0-1

[Event "Challenge"]
[Site "http://www.queenalice.com/game.php?id=1837445"]
[Date "2024.5.25"]
[Round "-"]
[White "jogo"]
[Black "MHRangel"]
[Result "1-0"]
[WhiteElo "1814"]
[BlackElo "1826"]

1. e4 c5 2. Nf3 Nc6 3. c3 Nf6 4. e5 Ng4 5. h3 Ngxe5 6. Nxe5 Nxe5 7. d4 cxd4 8.
Qxd4 Nc6 9. Qf4 g6 10. Bc4 d5 11. Bb5 Bg7 12. Be3 O-O 13. Nd2 Bf5 14. g4 e5 15.
Qa4 Bd7 16. Bc5 Re8 17. O-O-O a6 18. Bxc6 Bxc6 19. Qc2 d4 20. Rhe1 Bg2 21. cxd4
e4 22. Nxe4 Qa5 23. Nc3 Bxh3 24. Rxe8+ Rxe8 25. f3 b6 26. Bd6 Re3 27. Qf2 Qg5
28. Kc2 h5 29. Ne4 Rxf3 30. Qxf3 Qxg4 31. Qxg4 Bxg4 32. Rf1 Bxd4 33. Kd3 Bxb2
34. Nf6+ Bxf6 35. Rxf6 Kg7 36. Be5 Kf8 37. Rxb6 a5 38. Ra6 Ke7 39. Rxa5 Ke6 40.
Bg3 Kf6 41. Bh4+ Kg7 42. Ra6 Bf5+ 43. Ke3 Be6 44. a4 Kh6 45. Kf4 Bc4 46. Rc6 Bd5
47. Rd6 Bb3 48. a5 Be6 49. a6 Bh3 50. a7 Bg2 51. Rd8 Kg7 52. Ke5 Bb7 53. Bf6+
Kh6 54. Rh8# 1-0

[Event "Challenge"]
[Site "http://www.queenalice.com/game.php?id=1837446"]
[Date "2024.5.25"]
[Round "-"]
[White "MHRangel"]
[Black "jogo"]
[Result "0-1"]
[WhiteElo "1872"]
[BlackElo "1864"]

1. d4 Nf6 2. c4 g6 3. Nc3 d5 4. e3 Bg7 5. Nf3 O-O 6. Be2 Bg4 7. O-O Re8 8. Qb3
dxc4 9. Bxc4 e6 10. Ne5 Bf5 11. h3 h5 12. Qxb7 Nbd7 13. e4 Rb8 14. Qxa7 Nxe5 15.
dxe5 Nxe4 16. Qe3 Nxc3 17. Qxc3 Qh4 18. Qg3 Qxg3 19. fxg3 Bxe5 20. Kh2 Bxb2 21.
Bxb2 Rxb2 22. Bb3 Be4 23. Rac1 Rxg2+ 24. Kh1 Rxa2+ 25. Kg1 Rg2+ 26. Kh1 Rxg3+
27. Kh2 Rxb3 28. Rxc7 Ra8 29. Rfxf7 Ra2+ 30. Kg1 Rb1+ 0-1

[Event "Challenge"]
[Site "http://www.queenalice.com/game.php?id=1837510"]
[Date "2024.5.25"]
[Round "-"]
[White "jogo"]
[Black "MHRangel"]
[Result "1-0"]
[WhiteElo "1799"]
[BlackElo "1793"]

1. e4 c5 2. Nf3 Nc6 3. c3 e5 4. d4 cxd4 5. cxd4 Bb4+ 6. Bd2 Qb6 7. Bxb4 Qxb4+ 8.
Qd2 Qxd2+ 9. Nbxd2 exd4 10. O-O-O Nge7 11. Nb3 O-O 12. Nbxd4 Nb4 13. a3 Nbc6 14.
Nb5 a6 15. Nc3 b5 16. Nd4 Ne5 17. f4 Ng4 18. Rd2 Bb7 19. h3 Ne3 20. Bd3 Ng6 21.
f5 Ne5 22. Bb1 Nxg2 23. Rxg2 Nc4 24. Rhg1 g6 25. fxg6 fxg6 26. h4 Ne3 27. Rg3
Nc4 28. h5 Ne5 29. hxg6 hxg6 30. Ba2+ Kh7 31. Rh3+ Kg7 32. Nf5+ Kf6 33. Ne3 Nd3+
34. Kc2 Nf2 35. Rhg3 Bxe4+ 36. Nxe4+ Nxe4 37. Rxg6+ Ke7 38. Nd5+ Kd8 39. Rg8
Rc8+ 40. Kd3 Nc5+ 41. Kd4 Ne6+ 42. Ke5 Rc2 43. Rxf8+ Nxf8 44. Rg8 Ke8 45. Kf6
Rxb2 46. Nc3 Rc2 47. Bf7+ Kd8 48. Rxf8+ Kc7 49. Nd5+ Kd6 50. Nb6 Rc3 51. Nc8+
Kc7 52. Ne7 Rxa3 53. Rc8+ Kb6 54. Bd5 Re3 55. Nf5 Rd3 56. Ke5 b4 57. Rb8+ Kc5
58. Be4 Ra3 59. Nd6 b3 60. Rc8+ Kb4 61. Nc4 Ra2 62. Kd4 Re2 63. Bd3 Re6 64. Rb8+
Ka4 65. Nb2+ Ka3 66. Kc3 Rc6+ 67. Nc4+ Ka2 68. Rxb3 d5 69. Ra3# 1-0

[Event "Challenge"]
[Site "http://www.queenalice.com/game.php?id=1837511"]
[Date "2024.5.25"]
[Round "-"]
[White "MHRangel"]
[Black "jogo"]
[Result "0-1"]
[WhiteElo "1813"]
[BlackElo "1701"]

1. d4 Nf6 2. c4 g6 3. Nc3 d5 4. e3 Bg7 5. Qa4+ Bd7 6. Qb3 dxc4 7. Bxc4 O-O 8.
Nge2 Bc8 9. O-O c6 10. e4 b5 11. Bd3 a5 12. a4 b4 13. Nd1 Be6 14. Qc2 b3 15. Qc5
Qd6 16. Qxd6 exd6 17. Ndc3 Nbd7 18. Bf4 d5 19. Bd6 Rfd8 20. e5 Ne8 21. Be7 Rdc8
22. Nf4 Nc7 23. Ra3 Rab8 24. Nxe6 Nxe6 25. Bd6 Rb6 26. f4 Nxd4 27. Raa1 Bf8 28.
Bxf8 Kxf8 29. Rac1 Ne6 30. Nxd5 Rbb8 31. Nf6 Nxf6 32. exf6 Rb4 33. f5 Nf4 34.
Rc3 Nxd3 35. Rxd3 c5 36. Rc1 c4 37. Rh3 Kg8 38. Re3 Rxa4 39. fxg6 fxg6 40. Rec3
Kf7 41. Rf1 Ra2 42. Re3 Rxb2 43. Re7+ Kg8 44. f7+ Kf8 45. Ra7 Ra2 46. Rb7 b2 47.
Rb1 c3 48. Kf2 c2 49. R1xb2 Rxb2 50. Rxb2 c1=Q 51. Re2 Kxf7 52. g3 Rc2 53. Rxc2
Qxc2+ 54. Kg1 a4 55. Kf1 a3 56. Kg1 a2 0-1

[Event "Challenge"]
[Site "http://www.queenalice.com/game.php?id=1837862"]
[Date "2024.6.1"]
[Round "-"]
[White "jogo"]
[Black "MHRangel"]
[Result "0-1"]
[WhiteElo "1920"]
[BlackElo "1807"]

1. e4 d5 2. Nf3 d4 3. c3 d3 4. Ne5 Nf6 5. Bxd3 Bg4 6. Nxg4 Qxd3 7. Nxf6+ exf6 8.
Qe2 Qxe2+ 9. Kxe2 Bd6 10. d4 Nd7 11. Be3 O-O 12. Nd2 b6 13. Nc4 Rfe8 14. Nxd6
Re6 15. Bf4 cxd6 16. f3 g5 17. Bd2 a5 18. c4 h5 19. h4 Rc8 20. b3 g4 21. d5 Ree8
22. fxg4 Rxe4+ 23. Kf3 Rxg4 24. Bf4 Ne5+ 25. Bxe5 fxe5 26. Rae1 f5 27. g3 e4+
28. Kf2 Re8 29. Rhg1 Kf7 30. Re3 Kf6 31. Rc3 f4 32. a3 e3+ 33. Kf3 e2 34. Kf2
fxg3+ 35. Rcxg3 Rxg3 36. Rh1 Rxb3 37. Ra1 Rd3 0-1

[Event "Challenge"]
[Site "http://www.queenalice.com/game.php?id=1837879"]
[Date "2024.6.2"]
[Round "-"]
[White "jogo"]
[Black "MHRangel"]
[Result "1-0"]
[WhiteElo "1712"]
[BlackElo "1866"]

1. e4 Nc6 2. d4 d5 3. exd5 Qxd5 4. Nf3 Bg4 5. Be2 e5 6. c4 Qa5+ 7. Bd2 Qb6 8. h3
Bxf3 9. Bxf3 O-O-O 10. c5 Qxb2 11. Bc3 Rxd4 12. Bxb2 Rxd1+ 13. Kxd1 f6 14. Ba3
Nge7 15. Bg4+ f5 16. Be2 g5 17. Nd2 Nd4 18. Bc4 Nec6 19. Nb3 Nxb3 20. Bxb3 Bg7
21. Be6+ Kb8 22. Bxf5 e4 23. Rb1 Bd4 24. f3 exf3 25. gxf3 Ne5 26. Ke2 h5 27.
Rhc1 Rf8 28. Be4 c6 29. Bb2 Bxb2 30. Rxb2 Rf7 31. a4 a5 32. Rd1 Ka7 33. Rd8 g4
34. hxg4 hxg4 35. fxg4 Nxg4 36. Rbd2 Ne5 37. Rh8 Re7 38. Rdd8 b6 39. Ra8+ Kb7
40. Rhb8+ Kc7 41. cxb6+ Kd6 42. Ra7 Nd7 43. Rbb7 c5 44. Ke3 Rg7 45. Bf5 Re7+ 46.
Kf4 Nxb6 47. Rxb6+ 1-0

[Event "Challenge"]
[Site "http://www.queenalice.com/game.php?id=1837880"]
[Date "2024.6.2"]
[Round "-"]
[White "MHRangel"]
[Black "jogo"]
[Result "0-1"]
[WhiteElo "1871"]
[BlackElo "1705"]

1. d4 Nf6 2. c4 g6 3. Nc3 d5 4. e3 Bg7 5. Nf3 O-O 6. c5 Bg4 7. Be2 Ne4 8. O-O
Nxc3 9. bxc3 Nd7 10. h3 Bxf3 11. Bxf3 c6 12. e4 dxe4 13. Bxe4 Nf6 14. Bf3 Nd5
15. Bxd5 Qxd5 16. f3 e5 17. Be3 f5 18. f4 exf4 19. Bxf4 h6 20. Bd6 Rfe8 21. Qb3
Qxb3 22. axb3 Re3 23. Rac1 Rae8 24. Bg3 Rxg3 25. Kh2 Rge3 26. b4 Rd3 27. Rf2
Ree3 28. Ra2 Rxc3 29. Rxc3 Rxc3 30. Rxa7 Bxd4 31. Rxb7 Be5+ 32. Kg1 Bg3 33. Kf1
Rc1+ 34. Ke2 Rc2+ 35. Kf3 Rc3+ 36. Ke2 Rc2+ 37. Kf3 f4 38. Rb6 Rf2+ 39. Ke4 Rxg2
40. Rxc6 Kg7 41. Kf3 Rb2 42. Rb6 Rb3+ 43. Kg2 h5 44. c6 h4 45. Rb7+ Kf6 46. c7
f3+ 0-1

[Event "Challenge"]
[Site "http://www.queenalice.com/game.php?id=1838066"]
[Date "2024.6.5"]
[Round "-"]
[White "jogo"]
[Black "MHRangel"]
[Result "1-0"]
[WhiteElo "1815"]
[BlackElo "1810"]

1. e4 e5 2. d4 exd4 3. Qxd4 Nc6 4. Qe3 Bb4+ 5. c3 Bd6 6. f4 Qe7 7. Nf3 Nh6 8. h3
b6 9. e5 Bc5 10. Qe4 d6 11. Qxc6+ Qd7 12. Qxa8 O-O 13. Qd5 Nf5 14. g4 Ng3 15.
Rg1 Bxg1 16. Nxg1 Nxf1 17. Kxf1 c6 18. Qd4 dxe5 19. Qxd7 Bxd7 20. fxe5 Be6 21.
Bf4 Bc4+ 22. Kf2 Be6 23. Nd2 b5 24. Ne4 Rd8 25. Nc5 Rd5 26. Nxe6 fxe6 27. Nf3 c5
28. Ke2 b4 29. c4 Rd7 30. Rd1 Rc7 31. Rd6 Kf7 32. Nd2 h6 33. Ne4 g5 34. Be3 a5
35. Nxc5 Rxc5 36. Bxc5 Ke7 37. Ra6+ Kd7 38. Rxa5 b3 39. a4 Kc6 40. Bf8 Kb6 41.
Rb5+ Kc6 42. Rxb3 Kd7 43. a5 Kc6 44. a6 Kd7 45. a7 1-0

[Event "Challenge"]
[Site "http://www.queenalice.com/game.php?id=1838067"]
[Date "2024.6.5"]
[Round "-"]
[White "MHRangel"]
[Black "jogo"]
[Result "0-1"]
[WhiteElo "1818"]
[BlackElo "1942"]

1. d4 Nf6 2. c4 g6 3. Nf3 Bg7 4. Nc3 d5 5. Bf4 O-O 6. e3 c6 7. Be2 Nh5 8. O-O
Nxf4 9. cxd5 Nxd5 10. Bc4 Nxc3 11. bxc3 b5 12. Bb3 Bg4 13. a3 e5 14. dxe5 Qxd1
15. Bxd1 Nd7 16. h3 Bf5 17. Bb3 Nc5 18. Ba2 h6 19. Rfd1 Rfd8 20. Nd4 Bxe5 21.
Nxc6 Rxd1+ 22. Rxd1 Bxc3 23. Ne7+ Kf8 24. Nxf5 gxf5 25. Rc1 Ne4 26. Bd5 Rc8 27.
f3 Nf6 28. e4 Nxd5 29. exd5 Bd4+ 0-1

[Event "Challenge"]
[Site "http://www.queenalice.com/game.php?id=1838587"]
[Date "2024.6.14"]
[Round "-"]
[White "jogo"]
[Black "MHRangel"]
[Result "0-1"]
[WhiteElo "1792"]
[BlackElo "1836"]

1. e4 d5 2. exd5 Qxd5 3. Nc3 Qe5+ 4. Qe2 Qxe2+ 5. Bxe2 e6 6. a3 Nf6 7. g4 e5 8.
g5 Nfd7 9. Nd5 Bd6 10. b4 c6 11. Ne3 g6 12. h4 Nf8 13. Bb2 h6 14. Nc4 Bc7 15.
Nxe5 Bxe5 16. Bxe5 Rh7 17. gxh6 Rxh6 18. O-O-O Be6 19. Bf4 Rh7 20. Nf3 Nbd7 21.
Ng5 Rg7 22. h5 Bf5 23. h6 Rg8 24. Rde1 Ne6 25. Bc4 b5 26. h7 Rh8 27. Nxf7 Kxf7
28. Bxe6+ Bxe6 29. Be3 Bd5 30. Rh2 Rae8 31. Kd1 Bf3+ 32. Kc1 Nf6 33. d3 Rxh7 34.
Rxh7+ Nxh7 35. Kd2 a6 36. Kc3 Nf6 37. Kd4 Ng4 38. Kc5 Ra8 39. Bd4 a5 40. Kd6
Rd8+ 41. Kc5 axb4 42. Bb2 Nxf2 43. Kxb4 Nxd3+ 44. cxd3 Rxd3 45. Rf1 g5 46. a4
bxa4 47. Kc4 Rb3 48. Bc3 g4 49. Be5 Kg6 50. Bf4 Kh5 51. Rg1 Bd5+ 52. Kd4 a3 53.
Re1 Rb4+ 54. Ke5 a2 55. Kf5 Rb5 56. Be5 Rb7 57. Bf6 g3 58. Rg1 g2 59. Re1 Rb1
60. Re3 Rh1 61. Rg3 Rf1+ 62. Ke5 a1=Q+ 0-1

[Event "Challenge"]
[Site "http://www.queenalice.com/game.php?id=1838588"]
[Date "2024.6.14"]
[Round "-"]
[White "MHRangel"]
[Black "jogo"]
[Result "1-0"]
[WhiteElo "1828"]
[BlackElo "1771"]

1. d4 Nf6 2. c4 g6 3. Nc3 d5 4. e3 Bg7 5. Bd3 O-O 6. Nge2 c6 7. O-O Bg4 8. h3
Bc8 9. e4 dxe4 10. Nxe4 Nxe4 11. Bxe4 f5 12. Bc2 e5 13. d5 cxd5 14. cxd5 e4 15.
Bb3 Kh8 16. Nf4 a5 17. a4 g5 18. Nh5 Be5 19. Ng3 Na6 20. Qh5 Nc5 21. Bxg5 Bf6
22. Bxf6+ Qxf6 23. Qd1 Qxb2 24. Rb1 Qf6 25. Bc4 f4 26. Nh5 Qc3 27. Rc1 Qe5 28.
d6 Rd8 29. Nxf4 Qxf4 30. Qd4+ 1-0

[Event "AUTO-ADV-4794"]
[Site "http://www.queenalice.com/game.php?id=1838651"]
[Date "2024.6.16"]
[Round "1"]
[White "Capixaba789"]
[Black "MHRangel"]
[Result "1-0"]
[WhiteElo "1879"]
[BlackElo "1832"]

1. e4 c5 2. Nf3 Nc6 3. Bc4 a6 4. O-O g6 5. d4 d6 6. dxc5 Bg7 7. c3 Ne5 8. Nxe5
Bxe5 9. Qf3 e6 10. cxd6 Qxd6 11. Na3 Bxh2+ 12. Kh1 Be5 13. Nc2 Nf6 14. Bg5 Nh5
15. Rad1 Qc7 16. Bb3 O-O 17. Nd4 Bd7 18. Bh6 Ng7 19. Bg5 f6 20. Be3 Bb5 21.
Bxe6+ Kh8 22. Bb3 Bxf1 23. Rxf1 Qa5 24. Qh3 b5 25. f4 Bxd4 26. Bxd4 Qc7 27. e5
f5 28. e6 Qe7 29. Re1 Rab8 30. Qe3 a5 31. Bd5 h6 32. Kg1 Rbc8 33. a3 b4 34. axb4
axb4 35. cxb4 Rfe8 36. Bc3 Kh7 37. Qe5 Qc7 38. Qe3 Qd6 39. Bb3 Rc6 40. Qa7 Re7
41. Qf2 Nxe6 42. Be5 Qxb4 43. Bd5 Rc5 44. Bd6 Rd7 45. Bxc5 Qxc5 46. Bxe6 Rd2 47.
Qxc5 1-0

[Event "AUTO-ADV-4794"]
[Site "http://www.queenalice.com/game.php?id=1838652"]
[Date "2024.6.16"]
[Round "1"]
[White "MHRangel"]
[Black "Capixaba789"]
[Result "0-1"]
[WhiteElo "1892"]
[BlackElo "1793"]

1. d4 d5 2. c4 e6 3. Nc3 Nf6 4. Bg5 Be7 5. cxd5 Nxd5 6. Bxe7 Qxe7 7. e4 Nxc3 8.
bxc3 a6 9. Qa4+ Bd7 10. Qb3 O-O 11. Qxb7 Bc6 12. Qb1 a5 13. Bc4 Nd7 14. Ne2 Nf6
15. Bd3 Rab8 16. Qc2 Rfd8 17. O-O a4 18. e5 Nh5 19. Bxh7+ Kf8 20. Bd3 Qg5 21.
Ng3 Nxg3 22. fxg3 Rb6 23. Rf4 Rdb8 24. Bg6 Rb2 25. Rxf7+ Kg8 26. Qc1 Rxg2+ 27.
Kf1 Qxg6 28. Rf2 Qd3+ 29. Ke1 Rg1+ 30. Rf1 Rxf1# 0-1

[Event "AUTO-ADV-4794"]
[Site "http://www.queenalice.com/game.php?id=1838669"]
[Date "2024.6.16"]
[Round "1"]
[White "MHRangel"]
[Black "zmanomega"]
[Result "0-1"]
[WhiteElo "1794"]
[BlackElo "1792"]

1. d4 d5 2. c4 c6 3. Nc3 Nf6 4. Bg5 dxc4 5. Bxf6 exf6 6. e4 Bd6 7. Bxc4 O-O 8.
Nf3 b5 9. Bb3 Bb4 10. O-O Bd6 11. e5 fxe5 12. dxe5 Be7 13. Qxd8 Bxd8 14. Nd4 Bf5
15. Rfe1 Bd7 16. e6 fxe6 17. Nxe6 Bxe6 18. Bxe6+ Kh8 19. Nxb5 cxb5 20. Bd5 Nc6
21. Bxc6 Rb8 22. g3 a6 23. a4 Bb6 24. Rf1 b4 25. a5 Bd4 26. Rab1 Rf5 27. Kg2
Rxa5 28. b3 Rf8 29. Rbd1 Bc5 30. Ba4 h6 31. Rd5 Kh7 32. f4 Bb6 33. Rd4 Bxd4 34.
f5 Raxf5 35. Rd1 Rf2+ 36. Kh3 Bc3 37. Bc6 h5 38. Be4+ g6 39. g4 hxg4+ 40. Kxg4
Rxh2 41. Rd6 Bf6 42. Rxa6 Rh4+ 43. Kf3 Bd4+ 44. Kg3 Rxe4 45. Ra7+ Kh6 46. Rb7
Bf2+ 47. Kg2 Bh4 48. Rb5 Rf2+ 49. Kh3 g5 50. Rb6+ Kh5 51. Rd6 Re3# 0-1

[Event "AUTO-ADV-4794"]
[Site "http://www.queenalice.com/game.php?id=1838670"]
[Date "2024.6.16"]
[Round "1"]
[White "zmanomega"]
[Black "MHRangel"]
[Result "0-1"]
[WhiteElo "1769"]
[BlackElo "1806"]

1. e4 c5 2. Bc4 Nc6 3. c3 Ne5 4. Bd5 e6 5. Bb3 c4 6. Bc2 Bc5 7. d4 Nd3+ 8. Bxd3
Bxd4 9. cxd4 cxd3 10. Qxd3 Ne7 11. Bg5 Qa5+ 12. Bd2 Qb6 13. b3 O-O 14. Qg3 Qxd4
15. Bc3 Qxe4+ 16. Ne2 Ng6 17. Nd2 Qh4 18. Qd6 b6 19. O-O Bb7 20. f3 Bc6 21. Qd4
Qxd4+ 22. Bxd4 f6 23. g3 Ne7 24. g4 Ng6 25. Ne4 e5 26. Bc3 d5 27. Nd6 d4 28. Bb4
d3 29. Nc3 a5 30. Ba3 b5 31. Ndxb5 Nf4 32. Bxf8 Ne2+ 33. Nxe2 dxe2 34. Rf2 Bxb5
35. Bc5 Rc8 36. Be3 Rd8 37. Rxe2 Bxe2 38. Kf2 Bb5 39. a4 Bc6 40. h4 Rd3 41. Rb1
h6 42. h5 Bd5 43. b4 axb4 44. Rxb4 Ra3 45. Rb8+ Kf7 46. Rb5 Bc6 47. Rc5 Bxa4 48.
Rc7+ Kg8 49. Bd2 Ra2 50. Ke3 Bb3 51. Be1 Bd5 52. Rc3 Ra4 53. Rc8+ Kh7 54. Rd8
Ra3+ 55. Kf2 Rxf3+ 56. Ke2 Be4 57. Rd7 f5 58. gxf5 Rxf5 59. Bb4 Bf3+ 60. Kd2
Bxh5 61. Rd8 e4 62. Ke3 Bf3 63. Bc3 Rg5 64. Rd7 h5 65. Bf6 Rg6 66. Bh4 Rg4 67.
Bf6 h4 68. Kf2 Rg2+ 69. Ke3 h3 70. Be5 h2 71. Bxh2 Rxh2 72. Kf4 Kh6 0-1

[Event "AUTO-ADV-4738"]
[Site "http://www.queenalice.com/game.php?id=1839987"]
[Date "2024.7.9"]
[Round "2"]
[White "chessman"]
[Black "MHRangel"]
[Result "0-1"]
[WhiteElo "1918"]
[BlackElo "1842"]

1. e4 d5 2. exd5 Nf6 3. Nf3 Nxd5 4. d4 e6 5. c4 Nf6 6. Be2 Bb4+ 7. Nc3 O-O 8. a3
Bxc3+ 9. bxc3 Ne4 10. Bb2 b6 11. Bd3 Nf6 12. O-O Nbd7 13. Re1 Bb7 14. Qe2 c5 15.
dxc5 Nxc5 16. Rad1 Qe8 17. h3 Na4 18. Ba1 a6 19. Nd4 Nc5 20. Nc2 Qc6 21. Nd4
Qxg2# 0-1

[Event "AUTO-ADV-4738"]
[Site "http://www.queenalice.com/game.php?id=1839988"]
[Date "2024.7.9"]
[Round "2"]
[White "MHRangel"]
[Black "chessman"]
[Result "1-0"]
[WhiteElo "1778"]
[BlackElo "1953"]

1. d4 d5 2. c4 c6 3. Nf3 e6 4. Nc3 Nf6 5. g3 Be7 6. b3 O-O 7. Bg2 a6 8. c5 Nbd7
9. O-O Re8 10. Ne5 Nf8 11. Na4 N8d7 12. Nxd7 Bxd7 13. Nb6 Rb8 14. Bf4 Rc8 15.
Nxc8 Qxc8 16. f3 h6 17. Re1 Nh5 18. Qd2 Nxf4 19. Qxf4 Bf6 20. Qd2 e5 21. e3 exd4
22. exd4 Rxe1+ 23. Rxe1 Be6 24. f4 Qd7 25. Bf3 g6 26. Rd1 Kg7 27. a4 Bf5 28. Qb4
Qe7 29. Re1 Qd7 30. Qd2 Bg4 31. Kg2 Bxf3+ 32. Kxf3 h5 33. h4 Qg4+ 34. Kf2 1-0

[Event "AUTO-ADV-4738"]
[Site "http://www.queenalice.com/game.php?id=1839995"]
[Date "2024.7.9"]
[Round "2"]
[White "MHRangel"]
[Black "Mateuzao_99"]
[Result "1-0"]
[WhiteElo "1777"]
[BlackElo "2102"]

1. d4 Nf6 2. c4 g6 3. Nc3 d5 4. Bg5 Ne4 5. Nxe4 dxe4 6. e3 f6 7. Bf4 Bg7 8. Qa4+
Bd7 9. Qb3 Qc8 10. c5 Be6 11. Bc4 Bxc4 12. Qxc4 e6 13. Ne2 O-O 14. O-O Kh8 15.
d5 exd5 16. Qxd5 f5 17. Be5 Qd7 18. Qxd7 Nxd7 19. Bxg7+ Kxg7 20. b4 Ne5 21. Nf4
Kf7 22. h4 c6 23. a4 Ke7 24. b5 Nd3 25. Nxd3 exd3 26. Rfd1 Rfd8 27. bxc6 bxc6
28. Ra3 Rab8 29. Rdxd3 Rb4 30. Rdc3 Kd7 31. Rcb3 Rxb3 32. Rxb3 Kc7 33. Rb4 Rd5
34. Rc4 a5 35. Kh2 Rd2 36. Kg3 Rb2 37. f3 Rb4 38. Rd4 Rb3 39. e4 Rb4 40. Rd3
Rxa4 41. e5 1-0

[Event "AUTO-ADV-4738"]
[Site "http://www.queenalice.com/game.php?id=1839996"]
[Date "2024.7.9"]
[Round "2"]
[White "Mateuzao_99"]
[Black "MHRangel"]
[Result "0-1"]
[WhiteElo "2055"]
[BlackElo "1867"]

1. e4 d5 2. exd5 Nf6 3. Bb5+ Bd7 4. Bc4 Bg4 5. f3 Bf5 6. Nc3 c6 7. dxc6 Nxc6 8.
Nge2 e6 9. a3 Bc5 10. Na4 Bb6 11. Nxb6 Qxb6 12. d3 Nd7 13. Qd2 Nce5 14. Bb3 O-O
15. Qe3 Qa5+ 16. Bd2 Qb6 17. Qxb6 Nxb6 18. O-O a5 19. Rfe1 a4 20. Ba2 Rac8 21.
Bc3 Ned7 22. Ng3 Bg6 23. Ne4 Bxe4 24. fxe4 h6 25. Re3 Nb8 26. Rg3 g6 27. Bxe6
fxe6 28. Rxg6+ Kf7 29. Rg7+ Ke8 30. Rxb7 N8d7 31. Ba5 Rxc2 32. Rf1 Rxb2 33.
Rxf8+ Kxf8 34. Rc7 Ke8 35. Rc6 Kf7 36. Rc7 Ke8 37. Rc3 Rb5 38. Bb4 Ne5 39. h3
Kd7 40. Kf2 h5 41. Ke3 Ng6 42. g3 Ne5 43. Kf4 Ng6+ 44. Ke3 Ne5 45. Kf4 Nf7 46.
Rc5 Rxc5 47. Bxc5 Kc6 48. Bb4 Nd7 0-1

[Event "Challenge"]
[Site "http://www.queenalice.com/game.php?id=1843265"]
[Date "2024.9.6"]
[Round "-"]
[White "jogo"]
[Black "MHRangel"]
[Result "0-1"]
[WhiteElo "1807"]
[BlackElo "1821"]

1. e4 c5 2. Nf3 Nc6 3. d4 cxd4 4. Nxd4 Qb6 5. c3 d6 6. Qb3 Nxd4 7. Qxb6 Nc2+ 8.
Kd1 axb6 9. Kxc2 Bd7 10. f4 g6 11. a4 Bc6 12. Bb5 Bxb5 13. b3 Bc6 14. Kd3 Bg7
15. g3 O-O-O 16. Be3 e5 17. Nd2 d5 18. exd5 Bxd5 19. Kc2 Bxh1 20. Rxh1 exf4 21.
gxf4 Nh6 22. Bxb6 Rd6 23. Bc5 Rc6 24. Ne4 f5 25. Nd6+ Kb8 26. Bb4 Ng4 27. h3
Ne3+ 28. Kd3 Nd5 29. Rf1 Nxb4+ 0-1

[Event "AUTO-ADV-4817"]
[Site "http://www.queenalice.com/game.php?id=1844787"]
[Date "2024.10.6"]
[Round "1"]
[White "MHRangel"]
[Black "askasl159"]
[Result "1-0"]
[WhiteElo "1850"]
[BlackElo "1876"]

1. d4 d5 2. c4 c6 3. cxd5 cxd5 4. Nc3 g6 5. Nf3 Bg7 6. e3 Nf6 7. Bb5+ Bd7 8.
Bxd7+ Nbxd7 9. O-O O-O 10. Ne5 Rc8 11. Qb3 Nb6 12. a4 Ne4 13. Nb5 Bxe5 14. dxe5
a6 15. Nd4 Rc7 16. Qxb6 Qd7 17. Nf3 Rc6 18. Qb4 Rc4 19. Qa3 Rfc8 20. b3 Rc3 21.
Nd4 Qc7 22. Bb2 Rc5 23. f3 Nc3 24. e6 b5 25. axb5 axb5 26. Bxc3 1-0